The battle for truth / (Record no. 21437)

MARC details
000 -LEADER
fixed length control field 01433cam a2200397 a 4500
001 - CONTROL NUMBER
control field 12376254
003 - CONTROL NUMBER IDENTIFIER
control field OSt
005 - DATE AND TIME OF LATEST TRANSACTION
control field 20260316104804.0
008 - FIXED-LENGTH DATA ELEMENTS--GENERAL INFORMATION
fixed length control field 010411s2001 orua b 000 0 eng
010 ## - LIBRARY OF CONGRESS CONTROL NUMBER
LC control number 2001024682
020 ## - INTERNATIONAL STANDARD BOOK NUMBER
International Standard Book Number 0736907823
020 ## - INTERNATIONAL STANDARD BOOK NUMBER
International Standard Book Number 9780736907828
035 ## - SYSTEM CONTROL NUMBER
System control number 12376254
040 ## - CATALOGING SOURCE
Original cataloging agency DLC
Transcribing agency DLC
Modifying agency DLC
050 00 - LIBRARY OF CONGRESS CALL NUMBER
Classification number BT1102
Item number .N64 2001
082 00 - DEWEY DECIMAL CLASSIFICATION NUMBER
Classification number 239
Edition number 21
100 1# - MAIN ENTRY--PERSONAL NAME
Personal name Noebel, David A.
245 14 - TITLE STATEMENT
Title The battle for truth /
Statement of responsibility, etc. David A. Noebel.
260 ## - PUBLICATION, DISTRIBUTION, ETC. (IMPRINT)
Place of publication, distribution, etc. Eugene, Or. :
Name of publisher, distributor, etc. Harvest House Publishers,
Date of publication, distribution, etc. c2001.
300 ## - PHYSICAL DESCRIPTION
Extent xi, 384 p. :
Other physical details ill. ;
Dimensions 21 cm.
336 ## - CONTENT TYPE
Content type term text
Content type code txt
Source rdacontent
337 ## - MEDIA TYPE
Media type term unmediated
Media type code n
Source rdamedia
338 ## - CARRIER TYPE
Carrier type term volume
Carrier type code nc
Source rdacarrier
500 ## - GENERAL NOTE
General note Rev. ed. of: Understanding the times. Abridged ed. c1995.
504 ## - BIBLIOGRAPHY, ETC. NOTE
Bibliography, etc Includes bibliographical references (p. 383-384).
650 #0 - SUBJECT ADDED ENTRY--TOPICAL TERM
Topical term or geographic name as entry element Apologetics.
650 #0 - SUBJECT ADDED ENTRY--TOPICAL TERM
Topical term or geographic name as entry element Philosophy, Marxist.
650 #0 - SUBJECT ADDED ENTRY--TOPICAL TERM
Topical term or geographic name as entry element Secular humanism.
650 #0 - SUBJECT ADDED ENTRY--TOPICAL TERM
Topical term or geographic name as entry element New Age movement.
700 1# - ADDED ENTRY--PERSONAL NAME
Personal name Noebel, David A.
Title of a work Understanding the times.
856 42 - ELECTRONIC LOCATION AND ACCESS
Materials specified Publisher description
Uniform Resource Identifier <a href="http://www.loc.gov/catdir/enhancements/fy0715/2001024682-d.html">http://www.loc.gov/catdir/enhancements/fy0715/2001024682-d.html</a>
906 ## - LOCAL DATA ELEMENT F, LDF (RLIN)
a 7
b cbc
c orignew
d 1
e ocip
f 20
g y-gencatlg
942 ## - ADDED ENTRY ELEMENTS (KOHA)
Source of classification or shelving scheme Library of Congress Classification
Koha item type General Collection
Holdings
Withdrawn status Lost status Source of classification or shelving scheme Not for loan Home library Current library Shelving location Date acquired Source of acquisition Inventory number Total Checkouts Full call number Barcode Date last seen Copy number Price effective from Koha item type
    Library of Congress Classification   Kabarak, Main Campus Kabarak, Main Campus General Stacks 16/03/2026 Donation 2025/2397   BT1102 .N64 2001 C.1 39576 16/03/2026 C.1 16/03/2026 General Collection
Designed with assistance from East African Informatics Ltd